Kendi sesinden gülsuyu-gülensu/ (Record no. 9775)

MARC details
000 -BAŞLIK
Sabit Uzunlukta Kontrol Alanı 00667na a2200205 4500
999 ## - SİSTEM KONTROL NUMARALARI (KOHA)
Koha Biblionumber 9775
Koha Biblioitemnumber 9775
001 - KONTROL NUMARASI
Denetim Alanı 23403
003 - KONTROL NUMARASI IDENTIFIER
Denetim Alanı MIRAKIL
005 - SON İŞLEM TARİHİ VE ZAMANI
Denetim Alanı 20200109144543.0
008 - SABİT-BOY VERİ ELEMANLARI - GENEL BİLGİLER
Sabit Uzunlukta Kontrol Alanı 200109b tu ||||| |||| 00| 0 tur d
020 ## - ULUSLARARASI STANDART KİTAP NUMARASI
Uluslararası Standart Kitap Numarası 9786055513573
040 ## - KATALOGLAMA KAYNAK
Orijinal Kataloglama Ajansı TR-AnCHP
Kataloglama Dili tur
Metne Dönüştürmek Ajansı TR-AnCHP
041 ## - DİL KODU
Metin / Ses Parça Veya Ayrı Başlığın Dil Kodu tur
082 ## - DEWEY ONLU SINIFLANDIRMA NUMARASI
Sınıflandırma Numarası 307.3362095622645
Ürün Numarası K35 2013
245 ## - BAŞLIK TABLOSU
Başlık Kendi sesinden gülsuyu-gülensu/
Sorumluluk Tablosu, Vb Hazırlayanlar Erdoğan Yıldız, Oda Projesi.
260 ## - YAYIN, DAĞITIM, VB
Yayın, Dağıtım, Vb Yeri Ankara:
Yayıncı, Dağıtıcı, Vs Adı NotaBene Yayınları,
Yayın, Dağıtım, Vb Tarihi 2013.
Üretici Firma Hermes tanıtım ofset
300 ## - FİZİKSEL TANIM
Kapsam 552 s.:
Diğer Fiziksel Ayrıntıları fotğ.,
Boyutlar 19 sm.
504 ## - KAYNAKÇA VB NOT
Kaynakça Vb Notu Kaynakça vardır.
651 #0 - KONU KATMA GİRİŞ - COĞRAFİ ADI
9 (RLIN) 6190
Coğrafi İsim Gülsuyu Mahallesi, Maltepe, İstanbul (Türkiye)
Genel Alt Bölümü Söyleşi
942 ## - EKLENDİ GİRİŞ ELEMANLARI (KOHA)
Sınıflandırma Veya Raf Düzeni Kaynak Dewey Decimal Classification
Koha Öğesi Türü Books
Holdings
Kalıcı Konum Mevcut Konum Edinme Tarihi Edinim Kaynak Toplam Check-Out'Lar Tam Çağrı Numarası Barkod Tarih Son Görülme İtibaren Geçerli Fiyatlar Koha Öğesi Türü
CHP Kütüphanesi CHP Kütüphanesi 09/25/2017 Bağış   307.3362095622645 K35 2013 017387 09/25/2017 09/25/2017 Books